Traduction verbe en Espagnol. Aléatoire - Statistiques

Statistiques générales
  • Ce quiz a été pris 7 366 fois
    131 depuis la dernière actualisation
  • Le résultat moyen est 14 sur 20
Statistiques - réponses
Verbe en Français Verbe en Espagnol % Correct
Manger Comer
95%
Écouter Escuchar
94%
Parler Hablar
94%
Pouvoir Poder
92%
Etre Ser
91%
Boire Beber
90%
Sortir Salir
89%
Faire Hacer
88%
Aller Ir
88%
Vivre Vivir
88%
Croire Creer
87%
Penser Pensar
86%
Danser Bailar
85%
Avoir Tener
85%
Venir Venir
85%
Dormir Dormir
83%
Espérer Esperar
83%
Gagner Ganar
83%
Payer Pagar
83%
Savoir Saber
83%
Ecrire Escribir
81%
Vendre Vender
81%
Aider Ayudar
80%
Continuer Seguir | Continuar
80%
Donner Dar
79%
Voyager Viajar
79%
Aimer Amar
77%
Connaitre Conocer
77%
Lire Leer
77%
Voir/regarder Ver
76%
Dire Decir
74%
Vouloir Querer
71%
Appeler Llamar
69%
Chercher Buscar
63%
Acheter Comprar
61%
Nettoyer Limpiar
59%
Changer Cambiar
58%
Demander Préguntar
56%
Mettre Poner
54%
Prendre Tomar
53%
Recevoir Recibir
52%
Entendre Oir
48%
Avoir besoin de Necesitar
45%
Casser Romper
41%
Plaire Gustar
34%
Revenir Volver
31%
Apporter Traer
20%
Dépenser Gastar
12%
Se retrouver Quedar
0%
Aucun quiz correspondant
Distribution des résultats
% des personnes avec chaque résultat
Percentile par nombre de réponses
Votre historique - résultats
Vous n’avez pas pris ce quiz depuis la dernière actualisation